| 000 | 00736nam a2200205Ia 4500 | ||
|---|---|---|---|
| 003 | GCL | ||
| 008 | 140319s9999 xx 000 0 ara d | ||
| 020 | _a5186286977 | ||
| 040 |
_aGCL / _cGCL |
||
| 082 | 0 | 4 |
_a327.114 _bم ا |
| 100 | 1 | _aمحمد عيسى داود | |
| 245 | 1 | 0 |
_aاسرائيكا امريكائيل : _bسر الاجوبة ولايات المسيخ الدجال المتحدة / _cمحمد عيسى داود |
| 250 | _aالاولى | ||
| 260 |
_aالقاهرة : _bمكتبة مدبولى الصغير ، _c2003 |
||
| 300 |
_a238 ص ؛ _c24 سم |
||
| 650 | 0 | 4 | _aالعلوم السياسية |
| 650 | 0 | 4 | _aاسرائيل - العلاقات الخارجية |
| 650 | 0 | 4 | _aمناطق النفوز |
| 942 |
_2ddc _cBK |
||
| 999 |
_c6209 _d6209 |
||